000 00878nam a2200265Ia 4500
003 OSt
005 20221005105632.0
006 a|||||r|||| 00| 0
007 ta
008 221004b |||||||| |||| 00| 0 hin d
020 _cIndian Rupees 200
024 _a27896
037 _bGift, 05/10/2016,
_cTextual
040 _aCRL
_cCRL
_bhin
041 _2hin
_ahin
082 _aO152,1N34:g, P4
100 _aयायावर, भारत
245 0 _aकवि केदारनाथ सिंह
246 _aKavi kedāranāth sianha
260 _aनई दिल्ली
_bवाणी प्रकाशन भारत
_c2004
300 _a240पृ0
_ccm.
650 _aहिन्दी साहित्य
942 _hO152,1N34:g, P4
_cTEXL
_2cc
999 _c1016427
_d1016427